000 00393pab a2200169 454500
008 180718b2014 xxu||||| |||| 00| 0 eng d
100 _aRehman, I.R.
245 _aCivil society versus the state
260 _c2014
300 _ap.11-12.
362 _a12 Jul
650 _aCivil society - Pakistan
650 _aCivil society
773 _aMainstream
908 _aN
909 _a105259
999 _c105254
_d105254